Flagi państw na literę K - Statystyki

Ogólne statystyki
  • Ten quiz został rozwiązany 9 751 razy
  • Średni wynik to 15 z 17
Statystyki odpowiedzi
Obrazkowy Odpowiedź % Poprawnych
Kanada
100%
Korea Południowa
99%
Kazachstan
97%
Kolumbia
96%
Katar
95%
Korea Północna
94%
Kosowo
94%
Kenia
92%
Kuba
87%
Kambodża
86%
Kamerun
84%
Kuwejt
82%
Kirgistan
81%
Kostaryka
78%
Kiribati
73%
Kongo
68%
Komory
61%
Nie znaleziono quizów pasujących do podanych kryteriów
Rozkład punktacji
Procent ludzi z każdym wynikiem
Percentyl według liczby udzielonych odpowiedzi
Twoja historia wyników
Nie rozwiązałeś tego quizu